Využitie družicovej misie Sentinel-1 v radarovej interferometrii

Guardado en:
Detalles Bibliográficos
Autor principal: Leško, Martin (Autor)
Otros Autores: Papčo, Juraj (Orientador)
Formato: Manuscrito Libro
Lenguaje:eslovaco
Publicado: 2016
Materias:
Acceso en línea:http://is.stuba.sk/zp/portal_zp.pl?podrobnosti=132253
https://opac.crzp.sk/?fn=detailBiblioForm&sid=41728D440EB1EF629111108922FE
Etiquetas: Agregar Etiqueta
Sin Etiquetas, Sea el primero en etiquetar este registro!

MARC

LEADER 00000ntm a22000003a 4500
001 stuzp57118
003 SK-STU
005 20230927133321.9
007 ta
008 150427s2015----xo-----f-mn---000-0-slo-d
040 |a STU  |b slo 
041 0 |a slo 
100 1 |a Leško, Martin  |u 010130  |4 aut  |U SvF Stavebná fakulta  |T SvF Katedra geodetických základov  |X 9494  |U V130  |Y 13  |7 A000009494 
242 0 1 |a Exploitation satellite mission Sentinel-1 in radar interferometry  |y eng 
245 1 0 |a Využitie družicovej misie Sentinel-1 v radarovej interferometrii 
260 |c 2016 
650 4 |a Copernicus  |2 slo 
650 4 |a index amplitúdovej stability  |2 slo 
650 4 |a PSInSAR  |2 slo 
650 4 |a Sentinel-1  |2 slo 
650 4 |a Amplitude Stability Index  |2 eng 
650 4 |a PSInSAR  |2 eng 
650 4 |a Sentinel-1  |2 eng 
650 4 |a Copernicus  |2 eng 
700 1 |a Papčo, Juraj  |u 010130  |k Z2  |4 ths  |U SvF Stavebná fakulta  |T SvF Katedra geodetických základov  |X 714  |U V130  |Y 13  |7 A000000714 
856 4 |u http://is.stuba.sk/zp/portal_zp.pl?podrobnosti=132253 
856 4 |u https://opac.crzp.sk/?fn=detailBiblioForm&sid=41728D440EB1EF629111108922FE 
SQL |a stuzp57118  |b DDP  |c SLO  |d Využitie družicovej misie Sentinel-1 v radarovej interferometrii  |e 9494  |f Leško, Martin  |g 010130  |h 714  |i Papčo, Juraj  |j 20160616  |k 1205  |l 01  |m http://is.stuba.sk/zp/portal_zp.pl?podrobnosti=132253  |n I-GKK  |o 5.1.3. geodézia a kartografia